[Event "Collado Villalba op 40th"]
[Site "Collado Villalba"]
[Date "2023.08.24"]
[Round "3"]
[White "Centeno Mendoza, Julio Stefano"]
[Black "Pardo Veguezzi, Jose Manuel"]
[Result "1-0"]
[WhiteElo "2172"]
[BlackElo "1676"]
[PlyCount "71"]
[EventDate "2023.08.22"]
[EventType "swiss"]
[EventRounds "9"]
[EventCountry "ESP"]
[SourceTitle "EXT 2024"]
[Source "ChessBase"]
[SourceDate "2023.10.10"]
[SourceVersion "1"]
[SourceVersionDate "2023.10.10"]
[SourceQuality "1"]

1. e4 c5 2. c3 Nf6 3. e5 Nd5 4. Bc4 Nb6 5. Bb3 c4 6. Bc2 g6 7. Nf3 Bg7 8. 0-0 0-0 9. Na3 Nc6 10. Qe2 d5 11. exd6 Qxd6 12. Nxc4 Nxc4 13. Qxc4 Ne5 14. Nxe5 Bxe5 15. Qh4 Bd7 16. d4 Bf6 17. Qg3 Qb6 18. h4 Rac8 19. Be4 Kh8 20. Rb1 Rg8 21. Bg5 Bf5 22. Rfe1 Qa5 23. a3 Qb5 24. Qf4 Rce8 25. d5 Bg7 26. Bxf5 gxf5 27. Qxf5 e6 28. Qf3 exd5 29. Bf6 Re6 30. Bxg7+ Kxg7 31. Rxe6 fxe6 32. Qg3+ Kf7 33. Qc7+ Kg6 34. Re1 Re8 35. Re3 Kh6 36. Qf4+ 1-0

[Event "Collado Villalba op 40th"]
[Site "Collado Villalba"]
[Date "2023.08.22"]
[Round "1"]
[White "Martin Martin, Luis Vicente"]
[Black "Pardo Veguezzi, Jose Manuel"]
[Result "1-0"]
[WhiteElo "1887"]
[BlackElo "1676"]
[PlyCount "115"]
[EventDate "2023.08.22"]
[EventType "swiss"]
[EventRounds "9"]
[EventCountry "ESP"]
[SourceTitle "EXT 2024"]
[Source "ChessBase"]
[SourceDate "2023.10.10"]
[SourceVersion "1"]
[SourceVersionDate "2023.10.10"]
[SourceQuality "1"]

1. e4 c5 2. Nf3 d6 3. d4 cxd4 4. Qxd4 Bd7 5. c4 Nc6 6. Qd2 g6 7. b3 Bg7 8. Nc3 Nf6 9. Bb2 0-0 10. h3 Qa5 11. Bd3 Qh5 12. Be2 Bh6 13. Qc2 Qa5 14. a3 Bg7 15. b4 Qb6 16. 0-0 Rac8 17. Rac1 e6 18. Rfd1 Ne7 19. e5 dxe5 20. Nxe5 Rfd8 21. c5 Qc7 22. Nxd7 Rxd7 23. Nb5 Qb8 24. Nd6 Rcd8 25. Be5 Nfd5 26. Qb2 Bxe5 27. Qxe5 b6 28. Bg4 Nc6 29. Qg5 a5 30. Rxd5 exd5 31. Bxd7 Rxd7 32. Qxd5 bxc5 33. bxc5 Qb2 34. Re1 Re7 35. Re3 Ne5 36. Nf5 Re8 37. Ne7+ Kf8 38. Qxe5 Qxe5 39. Rxe5 Rxe7 40. Rd5 Re1+ 41. Kh2 Ra1 42. c6 Rc1 43. Rxa5 Rxc6 44. Ra7 Rc2 45. Kg3 Ra2 46. Kf3 Kg7 47. Ra6 Kf8 48. h4 h5 49. g3 Ke7 50. Ke3 Kd7 51. f3 Ke7 52. Kf4 Kf8 53. g4 Kg7 54. gxh5 gxh5 55. Kg5 Rg2+ 56. Kxh5 Rg3 57. f4 Rg2 58. a4 1-0

[Event "Collado Villalba Grupo Gallinero op 1st"]
[Site "Collado Villalba"]
[Date "2022.08.15"]
[Round "7"]
[White "Pardo Veguezzi, Jose Manuel"]
[Black "Luque Ibanez, Manuel"]
[Result "0-1"]
[WhiteElo "1700"]
[BlackElo "2023"]
[PlyCount "55"]
[EventDate "2022.08.12"]
[EventType "swiss"]
[EventRounds "9"]
[EventCountry "ESP"]
[SourceTitle "CBM 210 Extra"]
[Source "ChessBase"]
[SourceDate "2022.11.30"]
[SourceVersion "1"]
[SourceVersionDate "2022.11.30"]
[SourceQuality "1"]

1. e4 d6 2. d4 Nf6 3. Nc3 e5 4. dxe5 dxe5 5. Qxd8+ Kxd8 6. Nf3 Bd6 7. Bg5 Be6 8. 0-0-0 Nbd7 9. Bb5 Kc8 10. Rd2 a6 11. Ba4 b5 12. Bb3 Bxb3 13. Bxf6 Nxf6 14. cxb3 b4 15. Nd5 Nxe4 16. Rc2 Kb7 17. Re1 f5 18. Nxe5 Bxe5 19. f3 c6 20. Nxb4 Bf4+ 21. Kd1 Rad8+ 22. Ke2 Nf6 23. Nxc6 Rde8+ 24. Kf1 Rxe1+ 25. Kxe1 Re8+ 26. Kf2 Bxh2 27. Na5+ Ka8 28. Rc7 0-1

[Event "Collado Villalba Grupo Gallinero op 1st"]
[Site "Collado Villalba"]
[Date "2022.08.14"]
[Round "5"]
[White "Pardo Veguezzi, Jose Manuel"]
[Black "Correas Gonzalez, Jose Ramon"]
[Result "0-1"]
[WhiteElo "1700"]
[BlackElo "1977"]
[PlyCount "54"]
[EventDate "2022.08.12"]
[EventType "swiss"]
[EventRounds "9"]
[EventCountry "ESP"]
[SourceTitle "CBM 210 Extra"]
[Source "ChessBase"]
[SourceDate "2022.11.30"]
[SourceVersion "1"]
[SourceVersionDate "2022.11.30"]
[SourceQuality "1"]

1. e4 c5 2. d4 cxd4 3. c3 Nf6 4. e5 Nd5 5. cxd4 b6 6. Nf3 Bb7 7. Bc4 e6 8. 0-0 Qc7 9. Bd3 Nb4 10. Nc3 Nxd3 11. Qxd3 Nc6 12. Nb5 Qb8 13. Bf4 Nb4 14. Qd2 Nd5 15. Rfc1 Bb4 16. Nc3 0-0 17. a3 Be7 18. Bg5 f6 19. exf6 Bxf6 20. Nxd5 Bxd5 21. Bf4 Qb7 22. Rc7 Qa6 23. Rac1 Bc6 24. Ne5 Bxe5 25. Bxe5 Rf7 26. Qg5 Qe2 27. f3 h6 0-1

[Event "Collado Villalba op-A 35th"]
[Site "Collado Villalba"]
[Date "2018.08.26"]
[Round "3"]
[White "Pardo Veguezzi, Jose Manuel"]
[Black "Martin Martin, Luis Vicente"]
[Result "0-1"]
[WhiteElo "1800"]
[BlackElo "1998"]
[PlyCount "114"]
[EventDate "2018.08.24"]
[EventType "swiss"]
[EventRounds "9"]
[EventCountry "ESP"]
[SourceTitle "CBM 186 Extra"]
[Source "ChessBase"]
[SourceDate "2018.08.24"]
[SourceVersion "1"]
[SourceVersionDate "2018.08.24"]
[SourceQuality "1"]

1. e4 d5 2. exd5 Qxd5 3. Nc3 Qa5 4. d4 c6 5. Nf3 Nf6 6. Bc4 Bf5 7. Bd2 e6 8. Nh4 Bg4 9. f3 Bh5 10. g4 Bg6 11. Nxg6 hxg6 12. Qe2 Bb4 13. a3 Nbd7 14. 0-0-0 Bxc3 15. Bxc3 Qc7 16. Be1 Qf4+ 17. Kb1 Nd5 18. Rd3 N7b6 19. Bb3 Qf6 20. Bg3 Nf4 21. Bxf4 Qxf4 22. h4 0-0-0 23. c4 Rxd4 24. Rxd4 Qxd4 25. Rd1 Qf6 26. a4 Qxh4 27. Qe3 Rd8 28. Rc1 Qe7 29. a5 Nd7 30. Qxa7 Qc5 31. Qxc5 Nxc5 32. Bc2 Nd3 33. Bxd3 Rxd3 34. Rf1 g5 35. Kc2 Rd4 36. Kc3 e5 37. Re1 f6 38. Rh1 Rf4 39. Rh3 e4 40. fxe4 Rxe4 41. Rg3 c5 42. b4 cxb4+ 43. Kxb4 Kc7 44. Kb5 Re5+ 45. c5 Re1 46. Rd3 Rb1+ 47. Kc4 Rf1 48. Kb5 Rf4 49. Rg3 Kb8 50. a6 bxa6+ 51. Kxa6 Rb4 52. Ka5 Rb1 53. Rc3 Kc7 54. Re3 Kc6 55. Re7 Kxc5 56. Rc7+ Kd5 57. Rxg7 Rg1 0-1

[Event "Collado Villalba 64 op 6th"]
[Site "Collado Villalba"]
[Date "2018.07.08"]
[Round "1"]
[White "Pardo Veguezzi, Jose Manuel"]
[Black "Ilin Kadirov, Daniil"]
[Result "1-0"]
[WhiteElo "1804"]
[BlackElo "1151"]
[PlyCount "53"]
[EventDate "2018.07.08"]
[EventType "swiss"]
[EventRounds "7"]
[EventCountry "ESP"]
[SourceTitle "EXT 2019"]
[Source "ChessBase"]
[SourceDate "2018.10.10"]
[SourceVersion "1"]
[SourceVersionDate "2018.10.10"]
[SourceQuality "1"]

1. e4 e5 2. Nf3 Nc6 3. Bc4 Nf6 4. d3 h6 5. c3 d6 6. 0-0 Bg4 7. Nbd2 d5 8. exd5 Nxd5 9. Qb3 Be6 10. Qxb7 Nce7 11. Bb5+ Bd7 12. Bxd7+ Qxd7 13. Qxa8+ Nc8 14. Nxe5 Qf5 15. Qc6+ Kd8 16. Qxd5+ Bd6 17. Nxf7+ Qxf7 18. Qxf7 g5 19. Qf6+ Kd7 20. Qxh8 Nb6 21. Re1 c6 22. Qe8+ Kc7 23. Nc4 Nxc4 24. dxc4 Bc5 25. b4 Bd6 26. c5 Bf4 27. Re7# 1-0